000 00709nam a2200229 a 4500
001 BRCA_6655
005 20190320205538.0
008 111011s1950----fr-ao#####---#000-0#eng-#
041 _aeng
044 _afr
050 4 _aN2030
_b.C65 1950
245 1 0 _aA companion to the Louvre
_ba visit to the present collections in the Louvre Museum Paris.
260 _aParís
_bEditions de l´Indispensable
_c1950
300 _a223 p.
_bil., fotografías
_c16 cm.
500 _aEstado físico: Encuadernación desprendida
500 _aL163
610 2 4 _aMusee National du Louvre (París)
_99302
650 1 4 _aArte
_zParís
_99463
650 1 4 _aGalerías y museos
_zFrancia
_97839
902 _aGFM
942 _2lcc
_cB
999 _c6339
_d6339